| 000 | 00571nam a2200193 4500 | ||
|---|---|---|---|
| 003 | LK-CoMWRAF | ||
| 005 | 20230828191706.0 | ||
| 008 | 230828b2001 |||||||| |||| 00| 0 eng d | ||
| 020 | _a9068328379 | ||
| 040 |
_aLK-CoMWRAF _dLK-CoMWRAF _eLK-CoMWRAF |
||
| 041 | _aeng | ||
| 082 |
_a270.1 _bIMP |
||
| 245 |
_aImplementing community-oriented teaching in medical education : _bA case from Vietnam |
||
| 260 |
_aNetherland : _bRoyal Tropical Institute, _c2001 |
||
| 490 | _aBulletin ; no 348 | ||
| 650 | _aCommunity teaching | ||
| 650 | _aMedical Education | ||
| 942 | _cBK | ||
| 999 |
_c3296 _d3296 |
||